| 000 | 00531nam a2200181Ia 4500 | ||
|---|---|---|---|
| 005 | 20250508152646.0 | ||
| 008 | 008 250505s9999 xx 000 0 eng d | ||
| 037 | _aReference | ||
| 040 |
_aFEDL _beng _cFEDL |
||
| 041 |
_aeng _2eng |
||
| 084 |
_a330.54, BHA _qFEDL |
||
| 100 | _aBhattacharyya Dhires | ||
| 245 | 0 | _aUnderstanding India's economy: A course of analysis | |
| 260 |
_aCalcutta, India _bProgressive Publishers _c1959 |
||
| 300 | _ax,404p. | ||
| 942 |
_cREF _h330.54, BHA |
||
| 999 |
_c1337855 _d1337855 |
||